T20 World Cup 2026 Countries - Statistics

General Stats
  • This quiz has been taken 50 times
  • The average score is 17 of 20
Answer Stats
Group A % Correct
Australia
100%
England
97%
India
97%
Pakistan
97%
New Zealand
94%
Scotland
94%
USA
91%
Sri Lanka
88%
West Indies
88%
Ireland
85%
South Africa
82%
Italy
79%
Zimbabwe
79%
Canada
76%
Netherlands
74%
Afghanistan
71%
Namibia
71%
Nepal
68%
UAE
65%
Oman
59%
No matching quizzes found
Score Distribution
Percent of People with Each Score
Percentile by Number Answered
Your Score History
You have not taken this quiz